Любовь за вредность: роман
| Autor principal: | |
|---|---|
| Sumari: | Для женщины «чуть-чуть за тридцать», не обладающей ни модельной внешностью, ни здоровым цинизмом да к тому же работающей библиотекарем, надежды на счастье нет? Чушь и ерунда! Феоктиста, предпочитающая именовать себя Аней, страдает не от отсутствия мужского внимания, а, напротив, от излишне решительных ухаживаний Евгения — владельца мехового салона. Чего он добивается, постоянно приглашая «безнадежную старую деву» в рестораны, делая ей шикарные подарки и время от времени предлагая руку и сердце? Феоктиста уверена: ничего хорошего от преуспевающего и привлекательного бизнесмена ждать не приходится.Евгений либо просто издевается над ней, либо намеревается «поматросить и бросить». Но этим гнусным планам не суждено сбыться!Евгений будет с негодованием отвергнут.Жаль только, что он об этом пока еще не знает... |
| Idioma: | rus |
| Publicat: |
Москва, АСТ, 2009
|
| Col·lecció: | Русский романс |
| Matèries: | |
| Format: | Llibre |
| KOHA link: | https://koha.lib.tpu.ru/cgi-bin/koha/opac-detail.pl?biblionumber=163746 |
MARC
| LEADER | 00000nam0a2200000 4500 | ||
|---|---|---|---|
| 001 | 163746 | ||
| 005 | 20231031160937.0 | ||
| 010 | |a 9785170549153 | ||
| 010 | |a 978-5-403-00682-8 | ||
| 035 | |a (RuTPU)RU\TPU\book\177652 | ||
| 090 | |a 163746 | ||
| 100 | |a 20090821d2009 m y0rusy50 ca | ||
| 101 | 0 | |a rus | |
| 102 | |a RU | ||
| 105 | |a y z 000ay | ||
| 200 | 1 | |a Любовь за вредность |e роман |f Т. Герцик | |
| 210 | |a Москва |c АСТ |c АСТ Москва |d 2009 | ||
| 215 | |a 316 с. | ||
| 225 | 1 | |a Русский романс | |
| 330 | |a Для женщины «чуть-чуть за тридцать», не обладающей ни модельной внешностью, ни здоровым цинизмом да к тому же работающей библиотекарем, надежды на счастье нет? Чушь и ерунда! Феоктиста, предпочитающая именовать себя Аней, страдает не от отсутствия мужского внимания, а, напротив, от излишне решительных ухаживаний Евгения — владельца мехового салона. Чего он добивается, постоянно приглашая «безнадежную старую деву» в рестораны, делая ей шикарные подарки и время от времени предлагая руку и сердце? Феоктиста уверена: ничего хорошего от преуспевающего и привлекательного бизнесмена ждать не приходится.Евгений либо просто издевается над ней, либо намеревается «поматросить и бросить». Но этим гнусным планам не суждено сбыться!Евгений будет с негодованием отвергнут.Жаль только, что он об этом пока еще не знает... | ||
| 610 | 1 | |a русская литература | |
| 610 | 1 | |a романы | |
| 610 | 1 | |a любовь | |
| 675 | |a Р2 |v 3 | ||
| 700 | 1 | |a Герцик |b Т. |g Татьяна | |
| 801 | 1 | |a RU |b 63413507 |c 20090821 | |
| 801 | 2 | |a RU |b 63413507 |c 20090914 |g RCR | |
| 942 | |c BK | ||